<?xml version="1.0" encoding="UTF-8"?>
<record
    xmlns:xsi="http://www.w3.org/2001/XMLSchema-instance"
    xsi:schemaLocation="http://www.loc.gov/MARC21/slim http://www.loc.gov/standards/marcxml/schema/MARC21slim.xsd"
    xmlns="http://www.loc.gov/MARC21/slim">

  <leader>01163nam a2200313Ia 4500</leader>
  <controlfield tag="003">OSt</controlfield>
  <controlfield tag="005">20221007125138.0</controlfield>
  <controlfield tag="006">a|||||r|||| 00| 0 </controlfield>
  <controlfield tag="007">ta</controlfield>
  <controlfield tag="008">221006b        |||||||| |||| 00| 0 eng d</controlfield>
  <datafield tag="020" ind1=" " ind2=" ">
    <subfield code="a">0306434571(Pt B) (pbk)</subfield>
    <subfield code="c"></subfield>
    <subfield code=" ">90.00 (set)</subfield>
  </datafield>
  <datafield tag="024" ind1=" " ind2=" ">
    <subfield code="a">5071</subfield>
  </datafield>
  <datafield tag="037" ind1=" " ind2=" ">
    <subfield code="b">Educational,</subfield>
    <subfield code="c">Textual</subfield>
  </datafield>
  <datafield tag="040" ind1=" " ind2=" ">
    <subfield code="a">CDL</subfield>
    <subfield code="c">CDL</subfield>
    <subfield code="b">eng</subfield>
  </datafield>
  <datafield tag="041" ind1=" " ind2=" ">
    <subfield code="2">eng</subfield>
    <subfield code="a">eng</subfield>
  </datafield>
  <datafield tag="082" ind1=" " ind2=" ">
    <subfield code="a">E5, M3.B;6</subfield>
  </datafield>
  <datafield tag="100" ind1=" " ind2=" ">
    <subfield code="a">Carey Francis A</subfield>
    <subfield code="9">615084</subfield>
  </datafield>
  <datafield tag="245" ind1=" " ind2="0">
    <subfield code="a">Advanced organic chemistry by Francis A Carey and Richard J Sundberg</subfield>
    <subfield code="b"> Sundberg Richard J    </subfield>
  </datafield>
  <datafield tag="250" ind1=" " ind2=" ">
    <subfield code="a">Ed 3</subfield>
  </datafield>
  <datafield tag="260" ind1=" " ind2=" ">
    <subfield code="a">New</subfield>
    <subfield code="b">York Plenum Press        </subfield>
    <subfield code="c">1990</subfield>
  </datafield>
  <datafield tag="300" ind1=" " ind2=" ">
    <subfield code="a">2 V</subfield>
    <subfield code="c">cm.</subfield>
  </datafield>
  <datafield tag="490" ind1=" " ind2=" ">
    <subfield code="v">Pt A. Structure and mechanism(axxx, 802p)</subfield>
  </datafield>
  <datafield tag="500" ind1=" " ind2=" ">
    <subfield code="a">Includes bibliographical references; ^n23/CSL/Carc/97-98/6086^d1998-03-11^mPurchase; ; 97-98/411^b1998-03-16^cEBA/266/97-98^d1998-03-12^eEducational Book Agency (India); ; 1998-03-19^bSB^c1998-03-19^dSB^r1998-04-04</subfield>
  </datafield>
  <datafield tag="650" ind1=" " ind2=" ">
    <subfield code="a"> Organic</subfield>
  </datafield>
  <datafield tag="650" ind1=" " ind2=" ">
    <subfield code="a">Chemistry</subfield>
  </datafield>
  <datafield tag="700" ind1=" " ind2=" ">
    <subfield code="a"> Sundberg Richard J</subfield>
    <subfield code="9">615085</subfield>
  </datafield>
  <datafield tag="942" ind1=" " ind2=" ">
    <subfield code="h">E5, M3.B;6</subfield>
    <subfield code="c">TEXL</subfield>
    <subfield code="2">CC</subfield>
  </datafield>
  <datafield tag="999" ind1=" " ind2=" ">
    <subfield code="c">1214753</subfield>
    <subfield code="d">1214753</subfield>
  </datafield>
  <datafield tag="952" ind1=" " ind2=" ">
    <subfield code="0">0</subfield>
    <subfield code="1">0</subfield>
    <subfield code="2">CC</subfield>
    <subfield code="4">0</subfield>
    <subfield code="7">0</subfield>
    <subfield code="a">CDL</subfield>
    <subfield code="b">CDL</subfield>
    <subfield code="d">2022-10-07</subfield>
    <subfield code="e">Educational,</subfield>
    <subfield code="h">Pt A. Structure and mechanism(axxx, 802p)</subfield>
    <subfield code="l">0</subfield>
    <subfield code="o">E5 M3.B;6</subfield>
    <subfield code="p">CD0006277</subfield>
    <subfield code="r">2022-10-07 00:00:00</subfield>
    <subfield code="w">2022-10-07</subfield>
    <subfield code="y">TEXL</subfield>
  </datafield>
</record>
